Morza Indonezji. - Statystyki

Ogólne statystyki
  • Ten quiz został rozwiązany 26 razy
  • Średni wynik to 5 z 12
Statystyki odpowiedzi
Odpowiedź % Poprawnych
5. Celebes
75%
8. Jawajskie
71%
10. Południowochińskie
50%
1. Andamańskie
46%
6. Flores
46%
4. Banda
38%
2. Arafura
33%
11. Sawu
25%
3. Balijskie
21%
9. Moluckie
21%
12. Seram
17%
7. Halmahera
8%
Nie znaleziono quizów pasujących do podanych kryteriów
Rozkład punktacji
Procent ludzi z każdym wynikiem
Percentyl według liczby udzielonych odpowiedzi
Twoja historia wyników
Nie rozwiązałeś tego quizu